Aliments commençant par P - Statistiques

Statistiques générales
  • Ce quiz a été pris 3 232 fois
  • Le résultat moyen est 16 sur 20
Statistiques - réponses
Par images Hint Réponse % Correct
Pizza
100%
Pêche
97%
Pistache
96%
Poivron
96%
Pamplemousse
95%
Paella
94%
Pancake
93%
Parmesan
85%
Papaye
84%
Patate douce
84%
Paris-Brest
78%
Type de pâte Penne
75%
Pesto
75%
Spécialité québecoise Poutine
74%
Persil
72%
Pruneau
72%
Paprika
61%
Potimarron
56%
Salade {Piémontaise}
54%
Panais
49%
Aucun quiz correspondant
Distribution des résultats
% des personnes avec chaque résultat
Percentile par nombre de réponses
Votre historique - résultats
Vous n’avez pas pris ce quiz